[Event "O Pohár mìsta Øíèany 2014 - OPEN A"]
[Site "Øíèany"]
[Date "2014.08.24"]
[Round "2.1"]
[White "Kulhanek, Tomas"]
[Black "Hrdina, Robin"]
[Result "1/2-1/2"]
[WhiteElo "2333"]
[BlackElo "2077"]
[PlyCount "104"]
[EventDate "2014.??.??"]

1. e4 c5 2. Nc3 e6 3. g3 Nc6 4. Bg2 g6 5. d3 Bg7 6. Be3 d6 7. Qd2 Nd4 8. Nd1
Ne7 9. c3 Ndc6 10. Bh6 Bxh6 11. Qxh6 Ng8 12. Qd2 Bd7 13. Ne2 h5 14. h3 Qc7 15.
O-O Nge7 16. d4 cxd4 17. Nxd4 Nxd4 18. Qxd4 e5 19. Qd2 Be6 20. Ne3 O-O-O 21. a4
f5 22. Nd5 Bxd5 23. exd5 h4 24. a5 hxg3 25. fxg3 Qc5+ 26. Kh2 e4 27. Rfd1 Rh5
28. Qd4 Qxd4 29. Rxd4 Ng8 30. Kg1 Nf6 31. c4 Rh7 32. Re1 Nd7 33. b4 Ne5 34. Rc1
Rxh3 35. Bxh3 Nf3+ 36. Kf2 Nxd4 37. Bg2 Rh8 38. c5 dxc5 39. bxc5 Rd8 40. d6 Nb3
41. Rc3 Nxa5 42. g4 Kd7 43. Ra3 b6 44. Ke3 Nc6 45. cxb6 axb6 46. gxf5 gxf5 47.
Kf4 Rf8 48. Rb3 Kxd6 49. Rxb6 Kc5 50. Rb1 Ne7 51. Bxe4 fxe4+ 52. Kxe4 Nc6
1/2-1/2

[Event "O Pohár mìsta Øíèany 2014 - OPEN A"]
[Site "Øíèany"]
[Date "2014.08.24"]
[Round "2.2"]
[White "Lacza, Tibor"]
[Black "Bednar, Marcel"]
[Result "0-1"]
[WhiteElo "2067"]
[BlackElo "2300"]
[PlyCount "116"]
[EventDate "2014.??.??"]

1. d4 Nf6 2. c4 g6 3. Nc3 d5 4. Nf3 Bg7 5. Bg5 Ne4 6. Bf4 Nxc3 7. bxc3 c5 8. e3
Nc6 9. cxd5 Qxd5 10. Qb3 Qxb3 11. axb3 Be6 12. Bc4 Bxc4 13. bxc4 O-O 14. Ke2 b6
15. Rhd1 Na5 16. Ra4 Rac8 17. Nd2 Rfd8 18. Rb1 Rd7 19. Nb3 cxd4 20. Nxa5 d3+
21. Kd2 e5 22. Bg3 bxa5 23. Rxa5 e4 24. c5 f5 25. f3 Rd5 26. fxe4 fxe4 27. Rb4
Bxc3+ 28. Kxc3 d2 29. Rb1 d1=Q 30. Rxd1 Rxd1 31. Bf4 a6 32. h4 Rc6 33. g4 Kf7
34. h5 gxh5 35. gxh5 Rd5 36. Kc4 Rxh5 37. Kd4 Ke6 38. Kxe4 Rhxc5 39. Ra1 a5 40.
Kd3 Ra6 41. Rh1 h5 42. Rg1 Kf7 43. Kd4 Rb5 44. Kc4 Rb4+ 45. Kc3 Rb5 46. Kc4 Rf5
47. Kb3 a4+ 48. Ka3 h4 49. Rh1 Rh5 50. Rh3 Kg6 51. e4 Re6 52. Re3 Ra5 53. Bc7
Ra7 54. Bf4 Kh5 55. Bb8 Rb7 56. Bh2 Rb3+ 57. Rxb3 axb3 58. Kxb3 Rxe4 0-1

[Event "O Pohár mìsta Øíèany 2014 - OPEN A"]
[Site "Øíèany"]
[Date "2014.08.24"]
[Round "2.3"]
[White "Gregor, Jiri"]
[Black "Simecek, Bohumil"]
[Result "1-0"]
[WhiteElo "2262"]
[BlackElo "2058"]
[PlyCount "39"]
[EventDate "2014.??.??"]

1. d4 d5 2. c4 c6 3. Nc3 Nf6 4. Nf3 a6 5. a4 e6 6. Bg5 Nbd7 7. e3 Bb4 8. Nd2
Qa5 9. Qc1 c5 10. Be2 cxd4 11. exd4 dxc4 12. Nxc4 Qc7 13. O-O O-O 14. Bf4 Qd8
15. a5 Nd5 16. Bg5 Be7 17. Bxe7 Qxe7 18. Bf3 N7f6 19. Re1 Qb4 20. Ra4 1-0

[Event "O Pohár mìsta Øíèany 2014 - OPEN A"]
[Site "Øíèany"]
[Date "2014.08.24"]
[Round "2.4"]
[White "Vecera, Petr"]
[Black "Postupa, Pavel"]
[Result "1/2-1/2"]
[WhiteElo "2045"]
[BlackElo "2260"]
[PlyCount "124"]
[EventDate "2014.??.??"]

1. e4 c5 2. c3 d5 3. exd5 Qxd5 4. d4 g6 5. Nf3 Bg7 6. Be3 cxd4 7. cxd4 Nf6 8.
Nc3 Qd8 9. Bc4 O-O 10. O-O Nc6 11. h3 Na5 12. Be2 Nd5 13. Nd2 Be6 14. Bf3 Rc8
15. Nde4 Nxe3 16. fxe3 Nc4 17. Qe2 Bh6 18. Nd1 Nd6 19. Nxd6 Qxd6 20. Re1 Bc4
21. Qf2 b5 22. Nc3 f5 23. b3 Bd3 24. Qd2 b4 25. Nd5 Be4 26. Bxe4 fxe4 27. Nxb4
Qg3 28. Nd5 Bg5 29. Rf1 e6 30. Nf4 Bxf4 31. exf4 e3 32. Qe1 Qxe1 33. Raxe1 Rfd8
34. Rxe3 Rxd4 35. Rf2 Kf7 36. g3 h5 37. Rfe2 Rc6 38. Kg2 h4 39. Kf3 hxg3 40.
Kxg3 Kf6 41. h4 Rd1 42. Kg4 Rg1+ 43. Rg3 Rh1 44. Re5 Rc2 45. Ra5 Rch2 46. Rxa7
Rxh4+ 47. Kf3 Rf1+ 48. Ke3 Rfxf4 49. Rb7 g5 50. a4 Rb4 51. Rxb4 Rxb4 52. Kd2
Kf5 53. Kc3 Rb8 54. a5 Kf4 55. Rg1 g4 56. Rf1+ Kg3 57. Re1 Re8 58. Kd3 Kf2 59.
Re2+ Kf3 60. Re3+ Kf2 61. Re2+ Kf1 62. Re3 Kf2 1/2-1/2

[Event "O Pohár mìsta Øíèany 2014 - OPEN A"]
[Site "Øíèany"]
[Date "2014.08.24"]
[Round "2.5"]
[White "Balacek, Tadeas"]
[Black "Vavrinec, Tomas"]
[Result "1/2-1/2"]
[WhiteElo "2237"]
[BlackElo "2044"]
[PlyCount "49"]
[EventDate "2014.??.??"]

1. d4 e6 2. c4 c5 3. d5 exd5 4. cxd5 d6 5. Nc3 g6 6. Nf3 Bg7 7. Qa4+ Bd7 8. Qb3
b5 9. Nxb5 Qa5+ 10. Nc3 Na6 11. e4 Rb8 12. Qc2 Nb4 13. Qd2 Nf6 14. Be2 O-O 15.
O-O Rfe8 16. Bd3 Nxd3 17. Qxd3 Bb5 18. Nxb5 Qxb5 19. Qxb5 Rxb5 20. e5 dxe5 21.
Rd1 e4 22. Ne1 c4 23. d6 Nd7 24. Nc2 Re6 25. Na3 1/2-1/2

[Event "O Pohár mìsta Øíèany 2014 - OPEN A"]
[Site "Øíèany"]
[Date "2014.08.24"]
[Round "2.6"]
[White "Skalicky, Tomas"]
[Black "Svatos, Jan"]
[Result "1-0"]
[WhiteElo "2024"]
[BlackElo "2233"]
[PlyCount "69"]
[EventDate "2014.??.??"]

1. c4 Nf6 2. Nc3 c6 3. e4 d5 4. e5 Nfd7 5. d4 e6 6. Nf3 Be7 7. Bd3 dxc4 8. Bxc4
O-O 9. O-O c5 10. Bf4 Nc6 11. Re1 Nb6 12. d5 Nxc4 13. dxc6 bxc6 14. Qc2 Nb6 15.
Ne4 Nd5 16. Bg5 Nb4 17. Qc3 Bxg5 18. Nexg5 Ba6 19. Red1 Nd3 20. Ne4 c4 21. b3
Qb6 22. bxc4 Nc5 23. Ned2 Rab8 24. Rab1 Ne4 25. Nxe4 Qxb1 26. Rxb1 Rxb1+ 27.
Ne1 Bxc4 28. h3 Bxa2 29. Kh2 Bd5 30. Nc5 h6 31. Ned3 Rfb8 32. Qa5 Rd1 33. Qxa7
Rbb1 34. Qe7 g6 35. Nd7 1-0

[Event "O Pohár mìsta Øíèany 2014 - OPEN A"]
[Site "Øíèany"]
[Date "2014.08.24"]
[Round "2.7"]
[White "Vojta, Pavel"]
[Black "Voracek, Zdenek"]
[Result "0-1"]
[WhiteElo "2225"]
[BlackElo "2020"]
[PlyCount "54"]
[EventDate "2014.??.??"]

1. d4 d5 2. Nf3 Nf6 3. c4 e6 4. Bg5 Nbd7 5. Nc3 c6 6. e3 Be7 7. Rc1 O-O 8. Bd3
dxc4 9. Bxc4 b5 10. Bb3 a6 11. O-O Bb7 12. Qe2 Rc8 13. Rfd1 c5 14. d5 exd5 15.
Nxd5 c4 16. Nxe7+ Qxe7 17. Bc2 Rc5 18. Bf4 Rd5 19. Nd4 Nc5 20. Nf5 Qe6 21. Bd6
Nd3 22. Ne7+ Kh8 23. Nxd5 Nxc1 24. Qf3 Re8 25. Qf5 Bxd5 26. Qxe6 Rxe6 27. e4
Bxe4 0-1

[Event "O Pohár mìsta Øíèany 2014 - OPEN A"]
[Site "Øíèany"]
[Date "2014.08.24"]
[Round "2.8"]
[White "Havelka, Josef"]
[Black "Cerny, Martin"]
[Result "0-1"]
[WhiteElo "2019"]
[BlackElo "2184"]
[PlyCount "86"]
[EventDate "2014.??.??"]

1. d4 Nf6 2. Bg5 Ne4 3. Bf4 c5 4. f3 Nf6 5. d5 d6 6. e4 g6 7. Nc3 Bg7 8. Qd2
Qa5 9. g4 h5 10. g5 Nfd7 11. Be3 O-O 12. f4 Na6 13. Nf3 Rb8 14. Be2 b5 15. O-O
b4 16. Nd1 Nc7 17. f5 Ba6 18. Nh4 Kh7 19. Bf4 Nb5 20. Ne3 Nd4 21. Bd3 Bxd3 22.
cxd3 Qa6 23. Nc4 Nb6 24. Nxd6 exd6 25. f6 Bh8 26. Bxd6 Nc4 27. dxc4 Qxd6 28.
Rae1 Rfe8 29. e5 Rxe5 30. Rxe5 Qxe5 31. Re1 Qd6 32. Qf2 Qd7 33. Kg2 Re8 34.
Rxe8 Qxe8 35. Kf1 Qe4 36. Ng2 Qd3+ 37. Kg1 Qxc4 38. Ne3 Qxa2 39. Kg2 Qb1 40. d6
Qe4+ 41. Kf1 Qe5 42. Qg3 Qe6 43. Kf2 a5 0-1

[Event "O Pohár mìsta Øíèany 2014 - OPEN A"]
[Site "Øíèany"]
[Date "2014.08.24"]
[Round "2.9"]
[White "Kubikova, Hana"]
[Black "Kolasin, Jan"]
[Result "1-0"]
[WhiteElo "2172"]
[BlackElo "2008"]
[PlyCount "63"]
[EventDate "2014.??.??"]

1. d4 Nf6 2. Nf3 c5 3. d5 b5 4. c4 d6 5. cxb5 a6 6. Nc3 axb5 7. e4 b4 8. Nb5
Bg4 9. h3 Bh5 10. Bd3 Nbd7 11. g4 Bg6 12. g5 Nxe4 13. Qe2 Qb6 14. Bf4 Rb8 15.
Nh4 Ne5 16. Bxe5 Nxf2 17. Nxd6+ exd6 18. Bxg6 dxe5 19. Bxf7+ Kxf7 20. O-O Qd6
21. Qxf2+ Ke8 22. Qf7+ Kd8 23. Rae1 Qd7 24. Rxe5 Rb7 25. g6 Bd6 26. Re6 hxg6
27. Qxg6 Be7 28. Nf5 Qxd5 29. Nxe7 Qd4+ 30. Rf2 Qd1+ 31. Kg2 Rh6 32. Nc6+ 1-0

[Event "O Pohár mìsta Øíèany 2014 - OPEN A"]
[Site "Øíèany"]
[Date "2014.08.24"]
[Round "2.10"]
[White "Kratky, Josef"]
[Black "Moravec, Vit"]
[Result "1/2-1/2"]
[WhiteElo "2009"]
[BlackElo "2162"]
[PlyCount "71"]
[EventDate "2014.??.??"]

1. d4 Nf6 2. c4 e6 3. g3 d5 4. Bg2 c6 5. Qc2 Nbd7 6. Nf3 Bd6 7. O-O O-O 8. b3
e5 9. dxe5 Nxe5 10. Bb2 Qe7 11. Nbd2 Nxf3+ 12. Nxf3 Be6 13. Ng5 Rfe8 14. Bxf6
Qxf6 15. Qxh7+ Kf8 16. Nxe6+ fxe6 17. Rad1 Ke7 18. cxd5 cxd5 19. Qd3 Bc5 20.
Qb5 Bb6 21. Rd3 Rac8 22. Qb4+ Kd7 23. a4 Rc7 24. a5 Bc5 25. Qd2 a6 26. b4 Ba7
27. Rf3 Qe7 28. Qb2 Rf8 29. b5 Rxf3 30. Bxf3 axb5 31. Qxb5+ Kd8 32. a6 Qc5 33.
Qxc5 Bxc5 34. axb7 Rxb7 35. Rd1 Ke7 36. e3 1/2-1/2

[Event "O Pohár mìsta Øíèany 2014 - OPEN A"]
[Site "Øíèany"]
[Date "2014.08.24"]
[Round "2.11"]
[White "Hurtak, Otto"]
[Black "Vanka, Miloslav"]
[Result "0-1"]
[WhiteElo "1995"]
[BlackElo "2135"]
[PlyCount "80"]
[EventDate "2014.??.??"]

1. d4 f5 2. c4 Nf6 3. g3 g6 4. Bg2 Bg7 5. Nc3 O-O 6. Nh3 d6 7. O-O e5 8. dxe5
dxe5 9. Qxd8 Rxd8 10. Nd5 Rd7 11. Bg5 Kf7 12. Bxf6 Bxf6 13. e4 Bg7 14. Rad1 Na6
15. b3 c6 16. Ne3 Rxd1 17. Rxd1 Ke7 18. f3 fxe4 19. fxe4 Bh6 20. Kf2 Nc5 21.
Ng1 a5 22. Ne2 Be6 23. Nc3 Rf8+ 24. Ke2 Bc8 25. h3 Ne6 26. Ng4 Nd4+ 27. Ke1 Bg7
28. Rd3 h5 29. Nh2 Bh6 30. h4 Rd8 31. Rd1 Be6 32. Kf2 Kd6 33. Nf3 Rf8 34. Ke1
Bg4 35. Nxd4 Bxd1 36. Kxd1 exd4 37. Ne2 Rf2 38. Bh3 d3 39. Nf4 Bxf4 40. gxf4
Rxf4 0-1

[Event "O Pohár mìsta Øíèany 2014 - OPEN A"]
[Site "Øíèany"]
[Date "2014.08.24"]
[Round "2.12"]
[White "Postupa st., Pavel"]
[Black "Starek, Stanislav"]
[Result "0-1"]
[WhiteElo "1981"]
[BlackElo "2123"]
[PlyCount "80"]
[EventDate "2014.??.??"]

1. e4 g6 2. d4 d6 3. Nf3 Bg7 4. Be3 c6 5. Be2 Nd7 6. h3 e5 7. dxe5 dxe5 8. a4
Ngf6 9. Nc3 Qe7 10. Qc1 O-O 11. O-O Nc5 12. Nd2 a5 13. Re1 Be6 14. b3 Nfd7 15.
Qa3 f5 16. Bc4 b6 17. Rad1 f4 18. Bxc5 Nxc5 19. Bxe6+ Qxe6 20. Nc4 f3 21. Rd6
Qe7 22. g3 Rfd8 23. Rxd8+ Rxd8 24. Qc1 Qe6 25. Kh2 Qf7 26. Qe3 Qf8 27. Rd1 Rd4
28. Nb2 Ne6 29. Nd3 Bh6 30. Qe1 Qf6 31. Nb2 Ng5 32. h4 Ne6 33. Nb1 g5 34. Rxd4
Nxd4 35. c3 Ne2 36. hxg5 Bxg5 37. Qf1 Nf4 38. Qc4+ Kg7 39. gxf4 Bxf4+ 40. Kg1
Qh4 0-1

[Event "O Pohár mìsta Øíèany 2014 - OPEN A"]
[Site "Øíèany"]
[Date "2014.08.24"]
[Round "2.13"]
[White "Vyprachticky, David"]
[Black "Hanl, Frantisek"]
[Result "1-0"]
[WhiteElo "2121"]
[BlackElo "1972"]
[PlyCount "97"]
[EventDate "2014.??.??"]

1. d4 c5 2. Nf3 cxd4 3. Nxd4 Nc6 4. c4 g6 5. g3 Bg7 6. Nxc6 bxc6 7. Bg2 Rb8 8.
O-O Nf6 9. Nc3 O-O 10. Qc2 Ba6 11. Qa4 Qc8 12. Rb1 d5 13. Bf4 Rb6 14. Be3 Rb8
15. cxd5 cxd5 16. Rfc1 Qe6 17. Nxd5 Nxd5 18. Bxd5 Qxd5 19. Qxa6 Rxb2 20. Rxb2
Bxb2 21. Rb1 Bf6 22. Bxa7 Qe4 23. Qb5 Ra8 24. Qb7 Qxb7 25. Rxb7 Kf8 26. Rb8+
Rxb8 27. Bxb8 Ke8 28. Kf1 Kd7 29. Ke1 Kc6 30. Kd2 Kb5 31. Kc2 Kb4 32. Bf4 Ka3
33. Kb1 Be5 34. Bc1+ Ka4 35. e3 Bc3 36. Kc2 Bb4 37. Bb2 h5 38. Kd3 g5 39. f3
Bd6 40. e4 g4 41. fxg4 hxg4 42. e5 Bc5 43. Bd4 Ba3 44. Ke4 Kb4 45. Kf5 Kc4 46.
Ba1 e6+ 47. Kxg4 Kd3 48. Kg5 Be7+ 49. Kh6 1-0

[Event "O Pohár mìsta Øíèany 2014 - OPEN A"]
[Site "Øíèany"]
[Date "2014.08.24"]
[Round "2.14"]
[White "Stojkovic, Andreja"]
[Black "Rut, Vojtech"]
[Result "1/2-1/2"]
[WhiteElo "1970"]
[BlackElo "2119"]
[PlyCount "28"]
[EventDate "2014.??.??"]

1. e4 c5 2. Nc3 a6 3. g3 b5 4. Bg2 Bb7 5. d3 e6 6. Nf3 d5 7. exd5 exd5 8. O-O
Nf6 9. d4 b4 10. Na4 c4 11. Re1+ Be7 12. Nc5 Bc8 13. Ne5 O-O 14. Nxc4 Nc6 {
Dale necitelne.} 1/2-1/2

[Event "O Pohár mìsta Øíèany 2014 - OPEN A"]
[Site "Øíèany"]
[Date "2014.08.24"]
[Round "2.15"]
[White "Kohout, Vratislav"]
[Black "Koper, Stefan"]
[Result "1/2-1/2"]
[WhiteElo "2119"]
[BlackElo "1954"]
[PlyCount "57"]
[EventDate "2014.??.??"]

1. d4 g6 2. e4 Bg7 3. Nc3 d6 4. h4 h5 5. Be3 Nc6 6. Qd2 e5 7. Nge2 a6 8. O-O-O
b5 9. f3 Bd7 10. Bg5 f6 11. Be3 Nce7 12. Kb1 Nh6 13. dxe5 fxe5 14. Nd5 Nf7 15.
Nec3 Be6 16. Be2 c6 17. Bb6 Qb8 18. Nc7+ Kd7 19. Nxa8 Qxa8 20. g3 a5 21. f4 a4
22. Bc5 Rd8 23. Nxb5 cxb5 24. Bxb5+ Kc7 25. Bb4 Nc6 26. Qc3 Rb8 27. Ba5+ Kd7
28. Bxa4 Rc8 29. Rhe1 1/2-1/2

[Event "O Pohár mìsta Øíèany 2014 - OPEN A"]
[Site "Øíèany"]
[Date "2014.08.24"]
[Round "2.16"]
[White "Jelinek, Michal"]
[Black "Pospisil, Evzen"]
[Result "1-0"]
[WhiteElo "1946"]
[BlackElo "2104"]
[PlyCount "53"]
[EventDate "2014.??.??"]

1. d4 Nf6 2. c4 e6 3. Nc3 c5 4. d5 exd5 5. cxd5 d6 6. Nf3 g6 7. e4 Bg7 8. h3
O-O 9. Bd3 Na6 10. O-O Re8 11. Re1 Nc7 12. Bf4 b5 13. Bxd6 Qxd6 14. e5 Qb6 15.
d6 Nfd5 16. Nxd5 Nxd5 17. Be4 Nf4 18. Bxa8 Bxh3 19. Ng5 Rxa8 20. Qf3 Bxg2 21.
Qxf4 Bd5 22. Rad1 Bxa2 23. e6 Bxe6 24. Rxe6 fxe6 25. Qf7+ Kh8 26. Nxe6 Bd4 27.
Rxd4 1-0

[Event "O Pohár mìsta Øíèany 2014 - OPEN A"]
[Site "Øíèany"]
[Date "2014.08.24"]
[Round "2.17"]
[White "Dungl, Martin"]
[Black "Stork, Rostislav"]
[Result "1-0"]
[WhiteElo "2093"]
[BlackElo "1807"]
[PlyCount "79"]
[EventDate "2014.??.??"]

1. d4 Nf6 2. c4 g6 3. Nc3 Bg7 4. e4 d6 5. Nf3 O-O 6. Be2 Nbd7 7. O-O e5 8. Re1
h6 9. Bf1 Nh5 10. g3 c6 11. Be3 Kh7 12. d5 c5 13. a3 a6 14. b4 b6 15. Rb1 Ndf6
16. Nd2 Ng4 17. bxc5 bxc5 18. Na4 Nxe3 19. Rxe3 Qg5 20. Reb3 f5 21. f3 f4 22.
g4 Nf6 23. Nb6 Nxg4 24. h4 Qxh4 25. fxg4 Bxg4 26. Qe1 Qg5 27. Nxa8 Bd1+ 28. Bg2
f3 29. Nxf3 Bxf3 30. Rxf3 Rxf3 31. Nc7 Re3 32. Qf2 Rg3 33. Ne6 Qg4 34. Rb7
Rxg2+ 35. Qxg2 Qd1+ 36. Qf1 Qg4+ 37. Kf2 Qh4+ 38. Ke3 Qg3+ 39. Kd2 Qh2+ 40. Kc1
1-0

[Event "O Pohár mìsta Øíèany 2014 - OPEN A"]
[Site "Øíèany"]
[Date "2014.08.24"]
[Round "2.18"]
[White "Petr, Jakub"]
[Black "Hradecky, Ivo"]
[Result "1/2-1/2"]
[WhiteElo "1657"]
[BlackElo "2090"]
[PlyCount "59"]
[EventDate "2014.??.??"]

1. e4 Nf6 2. e5 Nd5 3. d4 d6 4. c4 Nb6 5. exd6 exd6 6. Nc3 Be7 7. Be3 O-O 8.
Bd3 Nc6 9. a3 Re8 10. Nf3 Bg4 11. O-O Bf6 12. c5 Nc8 13. Be2 d5 14. h3 Be6 15.
b4 a6 16. Qc2 h6 17. Bd3 N8e7 18. Ne2 Qd7 19. Ng3 g6 20. Rad1 Bg7 21. Qc1 f5
22. Bxh6 Nxd4 23. Nxd4 Bxd4 24. Bxf5 Nxf5 25. Nxf5 Bxf2+ 26. Rxf2 Bxf5 27. Qc3
Kh7 28. Rxd5 Qe7 29. Bf4 Rad8 30. Rxd8 1/2-1/2

[Event "O Pohár mìsta Øíèany 2014 - OPEN A"]
[Site "Øíèany"]
[Date "2014.08.24"]
[Round "2.19"]
[White "Krivanek, Vladimir"]
[Black "Polak, Jiri"]
[Result "1-0"]
[WhiteElo "2157"]
[BlackElo "1765"]
[PlyCount "34"]
[EventDate "2014.??.??"]

1. e4 d6 2. Nc3 Nf6 3. Bc4 Nxe4 4. Bxf7+ Kxf7 5. Nxe4 e5 6. d4 exd4 7. Qxd4 Be7
8. Nf3 Re8 9. O-O d5 10. Neg5+ Kg8 11. Qd3 g6 12. Re1 Bf5 13. Qb3 b6 14. Nd4 c5
15. Nxf5 gxf5 16. Ne6 Bf6 17. Bf4 Qd7 1-0

[Event "O Pohár mìsta Øíèany 2014 - OPEN A"]
[Site "Øíèany"]
[Date "2014.08.24"]
[Round "2.20"]
[White "Korsa, Jindrich"]
[Black "Havelka, Petr"]
[Result "1-0"]
[WhiteElo "2134"]
[BlackElo "1882"]
[PlyCount "80"]
[EventDate "2014.??.??"]

1. e4 d5 2. exd5 Qxd5 3. Nc3 Qd8 4. d4 Nf6 5. Nf3 Bf5 6. Bd3 Bxd3 7. Qxd3 c6 8.
Bf4 e6 9. O-O-O Be7 10. h4 Nbd7 11. h5 h6 12. Ne5 Nxe5 13. Bxe5 Bd6 14. Qg3 Bf8
15. f4 Qa5 16. f5 O-O-O 17. fxe6 fxe6 18. Rhf1 Nd7 19. Rf7 Nxe5 20. Qxe5 Qxe5
21. dxe5 Bc5 22. Rd3 Rxd3 23. cxd3 Bd4 24. Rxg7 Bxe5 25. Rg6 Bf4+ 26. Kc2 Re8
27. Ne4 Re7 28. g3 Be3 29. Nf6 Rf7 30. Ng4 Bg5 31. Nxh6 Rf2+ 32. Kb3 Bc1 33.
Ng4 Rxb2+ 34. Kc3 b5 35. h6 a5 36. h7 b4+ 37. Kd4 c5+ 38. Kxc5 Rc2+ 39. Kd6 Bb2
40. Ne5 Bxe5+ 1-0

[Event "O Pohár mìsta Øíèany 2014 - OPEN A"]
[Site "Øíèany"]
[Date "2014.08.24"]
[Round "2.21"]
[White "Skacel, Jan"]
[Black "Sochor, Martin"]
[Result "1-0"]
[WhiteElo "2075"]
[BlackElo "1867"]
[PlyCount "29"]
[EventDate "2014.??.??"]

1. d4 Nf6 2. c4 g6 3. Nc3 d5 4. Bf4 Bg7 5. e3 c5 6. dxc5 Qa5 7. Qa4+ Qxa4 8.
Nxa4 dxc4 9. Bxc4 Bd7 10. Nc3 Na6 11. Bxa6 bxa6 12. Nf3 Rc8 13. O-O O-O 14. h3
Rxc5 15. Be5 {Dale necitelne.} 1-0

[Event "O Pohár mìsta Øíèany 2014 - OPEN A"]
[Site "Øíèany"]
[Date "2014.08.24"]
[Round "2.23"]
[White "Pychova, Nela"]
[Black "Trochta, Vojtech"]
[Result "1/2-1/2"]
[WhiteElo "2006"]
[BlackElo "1744"]
[PlyCount "60"]
[EventDate "2014.??.??"]

1. c4 c5 2. Nc3 Nf6 3. g3 g6 4. Bg2 Bg7 5. Nf3 O-O 6. d3 Nc6 7. O-O a6 8. Rb1
Rb8 9. Bf4 d6 10. Qc1 b5 11. Bh6 b4 12. Bxg7 Kxg7 13. Nd1 Bb7 14. b3 Nd4 15.
Nxd4 cxd4 16. Bxb7 Rxb7 17. e3 Qb6 18. Qb2 e5 19. e4 Nh5 20. f4 exf4 21. g4 Nf6
22. Rxf4 Qc5 23. Qf2 Qe5 24. Nb2 h5 25. gxh5 Nxh5 26. Rf3 Nf6 27. Qg2 Rh8 28.
h3 Rh4 29. Rg3 Rb8 30. Rf1 Nh7 1/2-1/2

[Event "O Pohár mìsta Øíèany 2014 - OPEN A"]
[Site "Øíèany"]
[Date "2014.08.24"]
[Round "2.24"]
[White "Zavurkova, Monika"]
[Black "Skala, Jaromir"]
[Result "1/2-1/2"]
[WhiteElo "1720"]
[BlackElo "2006"]
[PlyCount "69"]
[EventDate "2014.??.??"]

1. d4 Nf6 2. c4 g6 3. Nc3 Bg7 4. e4 d6 5. Nf3 O-O 6. Be2 e5 7. O-O Nc6 8. d5
Ne7 9. b4 a5 10. bxa5 Rxa5 11. a4 Ne8 12. Ba3 f5 13. Ng5 h6 14. Ne6 Bxe6 15.
dxe6 Qc8 16. exf5 Nxf5 17. c5 Qxe6 18. Rb1 c6 19. Rxb7 d5 20. Rb6 Nd4 21. Bb4
Nxe2+ 22. Nxe2 Ra7 23. a5 Nc7 24. Qa4 Ra6 25. Rb1 Qf5 26. Be1 Nb5 27. R1xb5
cxb5 28. Qxb5 Raa8 29. c6 e4 30. a6 e3 31. f3 d4 32. Qc4+ Qf7 33. Qd3 Qf5 34.
Qc4+ Qf7 35. Qd3 1/2-1/2

[Event "O Pohár mìsta Øíèany 2014 - OPEN A"]
[Site "Øíèany"]
[Date "2014.08.24"]
[Round "2.25"]
[White "Pycha, Patrik"]
[Black "Vorisek, Jakub"]
[Result "1/2-1/2"]
[WhiteElo "2002"]
[BlackElo "1616"]
[PlyCount "140"]
[EventDate "2014.??.??"]

1. e4 e5 2. Nf3 Nc6 3. Bb5 Bc5 4. O-O Qf6 5. d3 h6 6. Nc3 Nge7 7. Ne2 O-O 8.
Ng3 d6 9. Nh5 Qg6 10. Nh4 Qg4 11. Qxg4 Bxg4 12. Ng3 g5 13. Nhf5 Bxf5 14. Bxc6
bxc6 15. Nxf5 Nxf5 16. exf5 d5 17. Rb1 Rab8 18. b3 f6 19. Bb2 Kf7 20. Rbd1 Rfe8
21. Rfe1 h5 22. Kf1 a6 23. g3 Bd6 24. Re2 Rbd8 25. Bc3 Rd7 26. Ba5 Rde7 27. c4
d4 28. c5 Bxc5 29. Rc1 Bd6 30. Rxc6 Rb8 31. Rec2 e4 32. dxe4 Rxe4 33. Bxc7 Bxc7
34. Rxc7+ Kg8 35. Rd7 a5 36. Rcc7 d3 37. Rxd3 Re5 38. Rdd7 Rxf5 39. Rg7+ Kh8
40. Rh7+ Kg8 41. Rcg7+ Kf8 42. Ra7 Kg8 43. Rhd7 Re8 44. Kg2 Rb8 45. f4 g4 46.
Kf2 Re8 47. Rac7 Kh8 48. Rd6 Kg8 49. Rd3 Kh8 50. Re3 Rd8 51. Ke2 Rfd5 52. Rc2
Kg7 53. Rec3 Re8+ 54. Kf2 Red8 55. Rc7+ Kg6 56. Re7 Rd4 57. Rc5 a4 58. Rc4 axb3
59. axb3 Rd2+ 60. Re2 R2d3 61. Rb4 h4 62. gxh4 Rh3 63. Kg1 Rxh4 64. Rb6 Kf5 65.
Ree6 Rh6 66. Red6 Rxd6 67. Rxd6 Kxf4 68. b4 Ke5 69. Rd3 f5 70. b5 Rb6 1/2-1/2

[Event "O Pohár mìsta Øíèany 2014 - OPEN A"]
[Site "Øíèany"]
[Date "2014.08.24"]
[Round "2.26"]
[White "Lizner, Milan"]
[Black "Civin, Dominik"]
[Result "0-1"]
[WhiteElo "1989"]
[BlackElo "1601"]
[PlyCount "114"]
[EventDate "2014.??.??"]

1. e4 e6 2. d4 d5 3. e5 c5 4. c3 Qb6 5. Nf3 Nc6 6. a3 Bd7 7. b4 cxb4 8. cxb4
Rc8 9. Bb2 Na5 10. Nbd2 Nc4 11. Qb3 Qc6 12. Be2 b5 13. O-O Ne7 14. Rfc1 Ng6 15.
g3 Be7 16. Bc3 O-O 17. Qa2 a6 18. Nb3 f6 19. exf6 gxf6 20. h4 Bd6 21. h5 Nh8
22. Kg2 Nf7 23. Nh4 e5 24. Qb1 Ng5 25. Nf5 e4 26. Bg4 Rce8 27. Bd2 Kh8 28. Rc2
Rg8 29. Nxd6 Qxd6 30. Bf4 Qc6 31. Na5 Qc8 32. Bxd7 Qxd7 33. Qh1 Qf5 34. Nxc4
dxc4 35. Rc3 Ne6 36. Be3 Rd8 37. Qh3 Nxd4 38. a4 Qxh3+ 39. Kxh3 Nb3 40. Ra2 Ra8
41. Rcc2 Rgd8 42. Kg4 Kg7 43. Kf5 Re8 44. axb5 axb5 45. Rxa8 Rxa8 46. Kxe4 Rd8
47. Ra2 Rd7 48. Ra6 Kf7 49. g4 Kg7 50. f4 Re7+ 51. Kf3 Rc7 52. Ra3 Kf7 53. g5
fxg5 54. fxg5 Ke6 55. Kf4 Rd7 56. Ke4 Kf7 57. Kf5 Nd4+ {bily prekrocil cas} 0-1

[Event "O Pohár mìsta Øíèany 2014 - OPEN A"]
[Site "Øíèany"]
[Date "2014.08.24"]
[Round "2.27"]
[White "Fencl, Pavel"]
[Black "Zabehlicky, Jiri"]
[Result "1-0"]
[WhiteElo "1974"]
[BlackElo "1585"]
[PlyCount "115"]
[EventDate "2014.??.??"]

1. c4 e6 2. Nc3 Nf6 3. g3 d5 4. cxd5 exd5 5. Bg2 c6 6. d3 Be7 7. Nf3 O-O 8. O-O
Bf5 9. Rb1 a5 10. a3 Na6 11. Bf4 Bd6 12. Bg5 h6 13. Bd2 Nc5 14. b4 axb4 15.
axb4 Ne6 16. Qc2 Bg4 17. e3 Bxf3 18. Bxf3 Ng5 19. Bg2 Qd7 20. e4 dxe4 21. dxe4
Qe7 22. f4 Ngh7 23. e5 Bxe5 24. fxe5 Qxe5 25. Ne4 Qd4+ 26. Kh1 Rad8 27. Bc3 Qc4
28. Nxf6+ Nxf6 29. Rf4 Qe6 30. Bxf6 gxf6 31. Rbf1 Rd6 32. Rh4 Kg7 33. h3 Rfd8
34. Rg4+ Kh8 35. Qf2 Rd1 36. Kh2 Rxf1 37. Qxf1 f5 38. Rf4 Rd2 39. Rxf5 Kg8 40.
Qf4 Qa2 41. Qf3 b6 42. Qxc6 Qe6 43. Qxe6 fxe6 44. Rf6 Rb2 45. Rxe6 Rxb4 46.
Rxh6 Kg7 47. Rc6 Rb2 48. h4 b5 49. Kh3 b4 50. Rb6 Rb1 51. Be4 Rb3 52. Kg4 Rb2
53. Kg5 b3 54. Rb7+ Kf8 55. h5 Re2 56. Bf5 b2 57. h6 Rg2 58. g4 1-0

[Event "O Pohár mìsta Øíèany 2014 - OPEN A"]
[Site "Øíèany"]
[Date "2014.08.24"]
[Round "2.28"]
[White "Pivonka, Michael"]
[Black "Fuskova, Martina"]
[Result "0-1"]
[WhiteElo "1612"]
[BlackElo "1948"]
[PlyCount "70"]
[EventDate "2014.??.??"]

1. d4 Nf6 2. c4 e6 3. Nc3 Bb4 4. a3 Bxc3+ 5. bxc3 b6 6. Bg5 Bb7 7. e3 h6 8. Bh4
g5 9. Bg3 Ne4 10. Qc2 d6 11. Bd3 f5 12. f3 Nxg3 13. hxg3 Nd7 14. Ne2 Qf6 15.
O-O-O O-O-O 16. e4 fxe4 17. Bxe4 e5 18. Bxb7+ Kxb7 19. Qe4+ Kb8 20. g4 Rde8 21.
Qd5 exd4 22. Nxd4 Ne5 23. Kb2 Qf4 24. Rhe1 Nd3+ 25. Rxd3 Rxe1 26. Nc6+ Kc8 27.
Nxa7+ Kd7 28. Rd4 Qc1+ 29. Kb3 Qb1+ 30. Ka4 Qc2+ 31. Kb5 Qb3+ 32. Ka6 Qxa3+ 33.
Kb7 Qc5 34. Qf7+ Re7 35. Qg6 b5 0-1